<?xml version="1.0" encoding="UTF-8"?>
<record
    xmlns:xsi="http://www.w3.org/2001/XMLSchema-instance"
    xsi:schemaLocation="http://www.loc.gov/MARC21/slim http://www.loc.gov/standards/marcxml/schema/MARC21slim.xsd"
    xmlns="http://www.loc.gov/MARC21/slim">

  <leader>02100cam a2200349 a 4500</leader>
  <controlfield tag="003">EG-GiCUC</controlfield>
  <controlfield tag="005">20250223031346.0</controlfield>
  <controlfield tag="008">151202s2015    ua d   f m    000 0 eng d</controlfield>
  <datafield tag="040" ind1=" " ind2=" ">
    <subfield code="a">EG-GiCUC</subfield>
    <subfield code="b">eng</subfield>
    <subfield code="c">EG-GiCUC</subfield>
  </datafield>
  <datafield tag="041" ind1="0" ind2=" ">
    <subfield code="a">eng</subfield>
  </datafield>
  <datafield tag="049" ind1=" " ind2=" ">
    <subfield code="a">Deposite</subfield>
  </datafield>
  <datafield tag="097" ind1=" " ind2=" ">
    <subfield code="a">M.Sc</subfield>
  </datafield>
  <datafield tag="099" ind1=" " ind2=" ">
    <subfield code="a">Cai01.11.01.M.Sc.2015.Mo.A</subfield>
  </datafield>
  <datafield tag="100" ind1="0" ind2=" ">
    <subfield code="a">Mohamed Abdelghany Aly Elshazly</subfield>
  </datafield>
  <datafield tag="245" ind1="1" ind2="0">
    <subfield code="a">Awareness of American heart association guidelines of preoperative assessment of cardiac patients undergoing non-cardiac surgery among anesthesiologists at Cairo University / </subfield>
    <subfield code="c">Mohamed Abdelghany Aly Elshazly ; Supervised Maged Salah Abdullah , Hisham Hosny Abdulwahab , Mohamed Khalid Hamza</subfield>
  </datafield>
  <datafield tag="246" ind1="1" ind2="5">
    <subfield code="a">&#x62F;&#x631;&#x62C;&#x629; &#x627;&#x644;&#x648;&#x639;&#x649; &#x628;&#x627;&#x644;&#x645;&#x628;&#x627;&#x62F;&#x626; &#x627;&#x644;&#x62A;&#x648;&#x62C;&#x64A;&#x647;&#x64A;&#x629; &#x644;&#x62C;&#x645;&#x639;&#x64A;&#x629; &#x627;&#x644;&#x642;&#x644;&#x628; &#x627;&#x644;&#x627;&#x645;&#x631;&#x64A;&#x643;&#x64A;&#x629; &#x644;&#x62A;&#x642;&#x64A;&#x64A;&#x645; &#x645;&#x631;&#x636;&#x64A; &#x627;&#x644;&#x642;&#x644;&#x628; &#x642;&#x628;&#x644; &#x627;&#x62C;&#x631;&#x627;&#x621; &#x639;&#x645;&#x644;&#x64A;&#x629; &#x62C;&#x631;&#x627;&#x62D;&#x64A;&#x629; &#x63A;&#x64A;&#x631; &#x642;&#x644;&#x628;&#x64A;&#x629; &#x628;&#x64A;&#x646; &#x627;&#x637;&#x628;&#x627;&#x621; &#x627;&#x644;&#x62A;&#x62E;&#x62F;&#x64A;&#x631; &#x628;&#x62C;&#x627;&#x645;&#x639;&#x629; &#x627;&#x644;&#x642;&#x627;&#x647;&#x631;&#x629;</subfield>
  </datafield>
  <datafield tag="260" ind1=" " ind2=" ">
    <subfield code="a">Cairo : </subfield>
    <subfield code="b">Mohamed Abdelghany Aly Elshazly , </subfield>
    <subfield code="c">2015</subfield>
  </datafield>
  <datafield tag="300" ind1=" " ind2=" ">
    <subfield code="a">53 P. : </subfield>
    <subfield code="b">charts ; </subfield>
    <subfield code="c">25cm</subfield>
  </datafield>
  <datafield tag="502" ind1=" " ind2=" ">
    <subfield code="a">Thesis (M.Sc.) - Cairo University - Faculty of Medicine - Department of Anaesthesia</subfield>
  </datafield>
  <datafield tag="520" ind1=" " ind2=" ">
    <subfield code="a">In this study essential for clinicians to be familiar with current cardiac risk evaluation. ACC/AHA Guidelines for Perioperative Cardiovascular Evaluation for Non-cardiac Surgery offers the clinician a well-organized, thoughtful, evidenced-based approach to these patients.Therefore, we conducted this survey study with random sample of 125 anesthesiologists at Cairo University hospitals to assess the magnitude of knowledge the American heart association guidelines of preoperative assessment of cardiac patients undergoing non-cardiac surgery</subfield>
  </datafield>
  <datafield tag="530" ind1=" " ind2=" ">
    <subfield code="a">Issued also as CD</subfield>
  </datafield>
  <datafield tag="653" ind1=" " ind2="4">
    <subfield code="a">CAD</subfield>
  </datafield>
  <datafield tag="653" ind1=" " ind2="4">
    <subfield code="a">Clinical audit</subfield>
  </datafield>
  <datafield tag="653" ind1=" " ind2="4">
    <subfield code="a">NYHA</subfield>
  </datafield>
  <datafield tag="700" ind1="0" ind2=" ">
    <subfield code="a">Hisham Hosny Abdulwahab , </subfield>
    <subfield code="e">Supervisor</subfield>
  </datafield>
  <datafield tag="700" ind1="0" ind2=" ">
    <subfield code="a">Maged Salah Abdullah , </subfield>
    <subfield code="e">Supervisor</subfield>
  </datafield>
  <datafield tag="700" ind1="0" ind2=" ">
    <subfield code="a">Mohamed Khalid Hamza , </subfield>
    <subfield code="e">Supervisor</subfield>
  </datafield>
  <datafield tag="856" ind1=" " ind2=" ">
    <subfield code="u">http://172.23.153.220/th.pdf</subfield>
  </datafield>
  <datafield tag="905" ind1=" " ind2=" ">
    <subfield code="a">Enas</subfield>
    <subfield code="e">Cataloger</subfield>
  </datafield>
  <datafield tag="905" ind1=" " ind2=" ">
    <subfield code="a">Nazla</subfield>
    <subfield code="e">Revisor</subfield>
  </datafield>
  <datafield tag="942" ind1=" " ind2=" ">
    <subfield code="2">ddc</subfield>
    <subfield code="c">TH</subfield>
  </datafield>
  <datafield tag="999" ind1=" " ind2=" ">
    <subfield code="c">53694</subfield>
    <subfield code="d">53694</subfield>
  </datafield>
  <datafield tag="952" ind1=" " ind2=" ">
    <subfield code="2">ddc</subfield>
    <subfield code="7">0</subfield>
    <subfield code="a">CUCL</subfield>
    <subfield code="b">cl210</subfield>
    <subfield code="d">2024-02-11</subfield>
    <subfield code="o">Cai01.11.01.M.Sc.2015.Mo.A</subfield>
    <subfield code="p">01010110067027000</subfield>
    <subfield code="r">2023-09-22 00:00:00</subfield>
    <subfield code="y">TH</subfield>
  </datafield>
  <datafield tag="952" ind1=" " ind2=" ">
    <subfield code="2">ddc</subfield>
    <subfield code="7">0</subfield>
    <subfield code="a">CUCL</subfield>
    <subfield code="b">cl2u8</subfield>
    <subfield code="d">2024-02-11</subfield>
    <subfield code="o">Cai01.11.01.M.Sc.2015.Mo.A</subfield>
    <subfield code="p">01020110067027000</subfield>
    <subfield code="r">2023-09-22 00:00:00</subfield>
    <subfield code="t">67027.CD   </subfield>
    <subfield code="y">CD</subfield>
  </datafield>
</record>
